000 00195nam a22000857a 4500
008 170220b xxu||||| |||| 00| 0 eng d
100 _92932
_aShelly.M.
245 _aFrankentein
260 _aLondon
_c1994
999 _c6173
_d6173